Chiến lược quản lý hệ thống khu bảo tồn thiên nhiên Việt Nam dến năm 2010

में बचाया:
ग्रंथसूची विवरण
स्वरूप: पुस्तक
भाषा:Undetermined
प्रकाशित: Hà Nội [knxb] 2003
विषय:
टैग : टैग जोड़ें
कोई टैग नहीं, इस रिकॉर्ड को टैग करने वाले पहले व्यक्ति बनें!
Thư viện lưu trữ: Trung tâm Học liệu Trường Đại học Cần Thơ
LEADER 00495nam a2200157Ia 4500
001 CTU_69276
008 210402s9999 xx 000 0 und d
082 |a 363.7 
082 |b C305 
245 0 |a Chiến lược quản lý hệ thống khu bảo tồn thiên nhiên Việt Nam dến năm 2010 
260 |a Hà Nội 
260 |b [knxb] 
260 |c 2003 
650 |a Environmental problem 
904 |i Mai Loan 
980 |a Trung tâm Học liệu Trường Đại học Cần Thơ